000 00896nam a2200349 a 4500
003 AR-BaBNM
005 20251128203506.0
008 082120s2002 ||||||||||||||000 | spa||
020 _a84-7100-375-9
040 _cAR-BaBNM
100 1 _aCassá, Roberto
245 0 0 _aLos indios de las Antillas
250 _a1ª ed.
260 _aMadrid
_bMapfre
_c1992
300 _a330 p.
_bmapas
490 0 _aIndios de América
_vv. 3
504 _aBibliografía para consultar p. 319-322
650 4 _aABORIGENES
650 4 _aENCOMIENDA
650 4 _aAGRICULTURA
650 4 _aRELIGION
650 4 _aHISTORIA SOCIAL
650 4 _aDEMOGRAFIA
650 4 _aIDEOLOGIAS
650 4 _aHISTORIA POLITICA
651 4 _aAntillas
651 4 _aEspaña
800 1 _aGallego, José Andrés
_ecoordinador
800 1 _aEsteva-Fabregat, Claudio
_edirector
942 _cBK
998 _cmariana
999 _c3630
_d3630